000 00269nam a2200097Ia 4500
008 220204s9999 xx 000 0 und d
082 _a339.18(620)
_bECO
245 0 _aEconomic and commercial reports: U A R
260 _aNew Delhi
_bMinistry of Commerce
_c1963
942 _cBK
999 _c35317
_d35317